Catalog

Record Details

Catalog Search



The princess bride  Cover Image DVD DVD

The princess bride / directed by Rob Reiner.

Summary:

Heartbroken over the death of her beloved Westley, beautiful Buttercup finally succumbs to the advances of the wicked Prince Humperdinck. Yet, when she's suddenly kidnapped by a motley band of deviants, what gallant hero comes to the rescue? None other than Westley-- alive, well and as wonderful as ever. But before these two can live happily ever after, they must first overcome formidable odds. Will these star-crossed lovers ever fulfill their destiny? Or, this time, will Buttercup lose Westley forever?

Record details

  • Physical Description: 2 videodiscs : sound, color ; 4 3/4 in.
  • Publisher: Beverly Hills, CA : Twentieth Century Fox Home Entertainment, [2008]

Content descriptions

General Note:
Act III Communications ; screenplay by William Goldman ; produced by Andrew Scheinman and Rob Reiner.
Title from disc.
The Blu-ray disc will not play in standard DVD players.
Disc one, blu-ray includes full-length film in high definition, audio commentaries, featurettes and video diary from Cary Elwes.
Disc two includes: full-length film, featurettes.
Originally produced as a motion picture in 1987.
Creation/Production Credits Note:
Music by Mark Knopfler.
Participant or Performer Note:
Cary Elwes, Mandy Patinkin, Chris Sarandon, Christopher Guest, Wallace Shawn, Andre the Giant, Robin Wright, Peter Falk, Carol Kane, Billy Crystal.
Target Audience Note:
MPAA rating: PG.
System Details Note:
DVD; and Blu-ray disc, widescreen (1.85.1).
Subject: Fairy tales > Drama.
Princesses > Drama.
Princes > Drama.
Love > Drama.
Kidnapping > Drama.
Action and adventure films.
Genre: Blu-Ray discs.
DVDs.
Feature films.
Fantasy films.
Fiction films.
Romance films.
Comedy films.
Video recordings for the hearing impaired.

Available copies

  • 1 of 1 copy available at scottsboropl.

Holds

  • 0 current holds with 1 total copy.
Show Only Available Copies
Location Call Number / Copy Notes Barcode Shelving Location Status Due Date
scottsboropl Blu-Ray Pri 32269001005209 Adult - DVD Available -

LDR 03293cgm a2200709Ka 4500
001143375
003CONS
00520170518140142.0
007vd cvaizk
008090609s2008 cau--- g vleng d
02410. ‡a027616066848 ‡d50
02842. ‡aMGM106686B ‡bTwentieth Century Fox Home Entertainment
035 . ‡a(CPomAG)LMN599784
08204. ‡a791.43/72 ‡222
24514. ‡aThe princess bride / ‡cdirected by Rob Reiner.
260 . ‡aBeverly Hills, CA : ‡bTwentieth Century Fox Home Entertainment, ‡c[2008]
300 . ‡a2 videodiscs : ‡bsound, color ; ‡c4 3/4 in.
336 . ‡atwo-dimensional moving image ‡btdi ‡2rdacontent
337 . ‡avideo ‡bv ‡2rdamedia
338 . ‡avideodisc ‡bvd ‡2rdacarrier
500 . ‡aAct III Communications ; screenplay by William Goldman ; produced by Andrew Scheinman and Rob Reiner.
500 . ‡aTitle from disc.
500 . ‡aThe Blu-ray disc will not play in standard DVD players.
500 . ‡aDisc one, blu-ray includes full-length film in high definition, audio commentaries, featurettes and video diary from Cary Elwes.
500 . ‡aDisc two includes: full-length film, featurettes.
500 . ‡aOriginally produced as a motion picture in 1987.
508 . ‡aMusic by Mark Knopfler.
5111 . ‡aCary Elwes, Mandy Patinkin, Chris Sarandon, Christopher Guest, Wallace Shawn, Andre the Giant, Robin Wright, Peter Falk, Carol Kane, Billy Crystal.
520 . ‡aHeartbroken over the death of her beloved Westley, beautiful Buttercup finally succumbs to the advances of the wicked Prince Humperdinck. Yet, when she's suddenly kidnapped by a motley band of deviants, what gallant hero comes to the rescue? None other than Westley-- alive, well and as wonderful as ever. But before these two can live happily ever after, they must first overcome formidable odds. Will these star-crossed lovers ever fulfill their destiny? Or, this time, will Buttercup lose Westley forever?
5218 . ‡aMPAA rating: PG.
538 . ‡aDVD; and Blu-ray disc, widescreen (1.85.1).
650 0. ‡aFairy tales ‡vDrama.
650 0. ‡aPrincesses ‡vDrama.
650 0. ‡aPrinces ‡vDrama.
650 0. ‡aLove ‡vDrama.
650 0. ‡aKidnapping ‡vDrama.
650 0. ‡aAction and adventure films.
655 0. ‡aBlu-Ray discs.
655 0. ‡aDVDs.
655 7. ‡aFeature films. ‡2lcgft
655 7. ‡aFantasy films. ‡2lcgft
655 7. ‡aFiction films. ‡2lcgft
655 7. ‡aRomance films. ‡2lcgft
655 7. ‡aComedy films. ‡2lcgft
655 7. ‡aVideo recordings for the hearing impaired. ‡2lcgft
7001 . ‡aGoldman, William, ‡d1931-
7001 . ‡aScheinman, Andrew.
7001 . ‡aElwes, Cary, ‡d1962- ‡4act
7001 . ‡aPatinkin, Mandy. ‡4act
7001 . ‡aSarandon, Chris.
7001 . ‡aGuest, Christopher.
7001 . ‡aShawn, Wallace. ‡4act
7000 . ‡aAndre, ‡cthe Giant, ‡d1946-1993. ‡4act
7001 . ‡aWright, Robin, ‡d1966- ‡4act
7001 . ‡aFalk, Peter, ‡d1927-2011. ‡4act
7001 . ‡aKane, Carol, ‡d1952- ‡4act
7001 . ‡aCrystal, Billy. ‡4act
7102 . ‡aAct III Communications.
7102 . ‡aTwentieth Century Fox Home Entertainment, Inc.
7300 . ‡aPrincess bride (Motion picture)
959 . ‡i32269001005209 ‡lDVD Pri ‡aAdult - DVD ‡tDVD ‡g25.00
852 . ‡p32269001005209 ‡jDVD Pri ‡gAdult - DVD ‡cDVD ‡y25.00 ‡bSBPL
901 . ‡a143375 ‡bUnknown ‡c143375 ‡tbiblio

Additional Resources